LEADER 00932nam2 22002653i 450 001 IEI0073721 005 20251003044157.0 100 $a19930519d1940 ||||0itac50 ba 101 | $aita 102 $ait 181 1$6z01$ai $bxxxe 182 1$6z01$an 200 1 $aˆ2: ‰Diritto amministrativo 210 $aPadova$cCEDAM$d1940 215 $a780 p.$d26 cm. 461 1$1001IEI0073714$12001 $aScritti giuridici in onore di Santi Romano$v2 606 $aDIRITTO AMMINISTRATIVO$xSAGGI$2FIR$3MILC021669$9I 676 $a340.02$9DIRITTO. MISCELLANEA$v21 801 3$aIT$bIT-000000$c19930519 850 $aIT-BN0095 $aIT-NA0070 912 $aIEI0073721 950 2$aBiblioteca Centralizzata di Ateneo$c1 v.$d 01V (S) 1 145$e 01S 0090011455 VMA 1 v.$fY $h20140616$i20140616 977 $a 01$a BU 996 $aDiritto amministrativo$9259752 997 $aUNISANNIO